[Event "SR 3. liga A2 2015/2016"]
[Site "?"]
[Date "2016.01.31"]
[Round "7.1"]
[White "Tupy, Bystrik"]
[Black "Ocko, Martin"]
[Result "0-1"]
[WhiteElo "1772"]
[BlackElo "1966"]
[PlyCount "72"]
[EventDate "2016.??.??"]

1. e4 c5 2. Nf3 Nc6 3. Nc3 g6 4. Bb5 Bg7 5. O-O a6 6. Bxc6 bxc6 7. b3 e5 8. d3
d6 9. h3 Ne7 10. Ne2 O-O 11. Bg5 h6 12. Be3 f5 13. exf5 Nxf5 14. c3 Kh7 15. Ng3
Qe7 16. Qd2 Be6 17. Rad1 a5 18. d4 cxd4 19. cxd4 Nxg3 20. fxg3 e4 21. Ne1 Rxf1+
22. Kxf1 a4 23. bxa4 Rxa4 24. Qc2 Rxa2 25. Qxc6 Bb3 26. Rb1 Qe6 27. Qb6 Bc4+
28. Kg1 g5 29. Rc1 Re2 30. d5 Qxd5 31. h4 Rxe3 32. Qc7 Bd3 33. hxg5 Qxg5 34.
Qxd6 Rxg3 35. Rd1 Qe3+ 36. Kh1 Rg5 0-1

[Event "SR 3. liga A2 2015/2016"]
[Site "?"]
[Date "2016.01.31"]
[Round "7.1"]
[White "Nemeckay, Rastislav"]
[Black "Bojnansky, Juraj"]
[Result "1-0"]
[WhiteElo "2003"]
[BlackElo "1665"]
[PlyCount "71"]
[EventDate "2016.??.??"]

1. e4 c5 2. Nf3 Nc6 3. d4 e6 4. d5 exd5 5. exd5 Qe7+ 6. Be2 Ne5 7. O-O d6 8.
Bb5+ Bd7 9. Bxd7+ Qxd7 10. Nxe5 dxe5 11. Re1 f6 12. c4 Bd6 13. Nc3 a6 14. Ne4
Ne7 15. Qh5+ Ng6 16. f4 O-O-O 17. Nxd6+ Qxd6 18. fxe5 Nxe5 19. Bf4 Rde8 20.
Bxe5 Rxe5 21. Rxe5 Qxe5 22. Qxe5 fxe5 23. Rf1 Rd8 24. Rf7 Rd7 25. Rxd7 Kxd7 26.
Kf2 b5 27. b3 b4 28. Ke3 Ke7 29. Ke4 Kd6 30. Kf5 g6+ 31. Ke4 h6 32. g4 a5 33.
h3 h5 34. gxh5 gxh5 35. Kf5 h4 36. Ke4 1-0

[Event "SR 3. liga A2 2015/2016"]
[Site "?"]
[Date "2016.01.31"]
[Round "7.1"]
[White "Janas, Peter"]
[Black "Danada, Ondrej"]
[Result "0-1"]
[WhiteElo "1672"]
[BlackElo "1945"]
[PlyCount "72"]
[EventDate "2016.??.??"]

1. d4 e6 2. Nf3 f5 3. g3 d5 4. Bg2 Bd6 5. c4 c6 6. cxd5 cxd5 7. Nc3 Nf6 8. Bg5
O-O 9. O-O Nc6 10. Nb5 Bb8 11. Nc3 h6 12. Bf4 Bxf4 13. gxf4 Ne4 14. Ne5 Nxc3
15. bxc3 Nxe5 16. dxe5 b5 17. a4 Bd7 18. axb5 Bxb5 19. Re1 Qb6 20. Qd2 Qc5 21.
Rec1 a5 22. e3 Rfc8 23. Qb2 Bc4 24. Ra3 Rcb8 25. Qa1 Rb6 26. Ra4 Bb3 27. Rd4
Rab8 28. Bf1 a4 29. c4 Rc8 30. Rb1 dxc4 31. Rd7 c3 32. Rxb3 Rxb3 33. Qxa4 Rb1
34. Qc2 Rb2 35. Qc1 Qb4 36. Rd1 c2 0-1

[Event "SR 3. liga A2 2015/2016"]
[Site "?"]
[Date "2016.01.31"]
[Round "7.1"]
[White "Diviak, Rudolf"]
[Black "Tupy, Emil"]
[Result "1-0"]
[WhiteElo "1798"]
[BlackElo "1714"]
[PlyCount "103"]
[EventDate "2016.??.??"]

1. e4 c5 2. Bc4 d6 3. Nf3 Nc6 4. c3 Nf6 5. d3 g6 6. Bb3 Bg7 7. O-O O-O 8. Re1
Qc7 9. Nbd2 a6 10. Nf1 Bg4 11. h3 Bxf3 12. Qxf3 Rac8 13. Ne3 e6 14. Bd2 Rcd8
15. Ng4 Nxg4 16. hxg4 Ne5 17. Qg3 Nc6 18. Kh2 Qd7 19. Rad1 Qe7 20. f4 Kh8 21.
Qh3 Qc7 22. Rh1 f5 23. Kg1 Bd4+ 24. cxd4 Nxd4 25. Bc3 e5 26. Bxd4 exd4 27. Qh6
Qg7 28. Qxg7+ Kxg7 29. gxf5 gxf5 30. g3 fxe4 31. dxe4 b5 32. Bd5 Rf6 33. Kf2
Rdf8 34. b3 a5 35. Rh5 Rh6 36. Rdh1 Rff6 37. Rxh6 Rxh6 38. Rxh6 Kxh6 39. g4 Kg7
40. Bc6 b4 41. g5 h6 42. gxh6+ Kxh6 43. Be8 Kg7 44. Ke2 Kf6 45. Bd7 Ke7 46. Bc6
Kf6 47. Kd3 Ke7 48. Kc4 Kf6 49. Bd7 Ke7 50. Bg4 Kf6 51. Be2 Ke6 52. Kb5 1-0

[Event "SR 3. liga A2 2015/2016"]
[Site "?"]
[Date "2016.01.31"]
[Round "7.1"]
[White "Jancicka, Viliam"]
[Black "Spacek, Marcel"]
[Result "0-1"]
[WhiteElo "1672"]
[BlackElo "1754"]
[PlyCount "86"]
[EventDate "2016.??.??"]

1. d4 Nf6 2. c4 g6 3. Nc3 Bg7 4. e4 d6 5. Nf3 O-O 6. h3 Nbd7 7. Be3 e5 8. d5
Nh5 9. Bd3 Nf4 10. g3 Ng2+ 11. Kd2 Nxe3 12. Kxe3 f5 13. Ke2 a5 14. Qd2 Nc5 15.
Bc2 Qf6 16. Qg5 Qf7 17. Nd2 f4 18. gxf4 exf4 19. f3 Bd7 20. Rag1 Rae8 21. h4
Re5 22. Qg2 Rh5 23. Qf2 Bf6 24. Rg2 Qg7 25. Ndb1 c6 26. Na4 Bd4 27. Qe1 Nxa4
28. Bxa4 b5 29. dxc6 Bxc6 30. cxb5 Bxe4 31. Nc3 Bb7 32. Rg5 Rxg5 33. hxg5 Re8+
34. Ne4 Bxe4 35. Qxa5 Bf5+ 36. Kd1 Be3 37. Bb3+ Kh8 38. Qc3 Rc8 39. Qxg7+ Kxg7
40. Ke2 Bd4 41. Rd1 Re8+ 42. Kf1 Bc5 43. b6 Bh3# 0-1

[Event "SR 3. liga A2 2015/2016"]
[Site "?"]
[Date "2016.01.31"]
[Round "?"]
[White "Jablonicky, Martin"]
[Black "Abel, Peter"]
[Result "1-0"]
[WhiteElo "2225"]
[BlackElo "2181"]
[PlyCount "53"]
[EventDate "2016.??.??"]

1. c4 Nf6 2. Nf3 c5 3. d4 cxd4 4. Nxd4 Nc6 5. Nc3 g6 6. e4 d6 7. Be2 Bg7 8. Be3
O-O 9. O-O a6 10. Qd2 Bd7 11. Rfd1 Rb8 12. a3 Nxd4 13. Bxd4 Bc6 14. Qe3 Nd7 15.
Bxg7 Kxg7 16. b4 b6 17. Rac1 Re8 18. f4 Qc7 19. Bg4 Nf8 20. Ne2 Qb7 21. Bf3
Rbd8 22. Nc3 b5 23. cxb5 axb5 24. Ne2 Rc8 25. Nd4 e5 26. Nb3 Qe7 27. Bg4 {time}
1-0

[Event "SR 3. liga A2 2015/2016"]
[Site "?"]
[Date "2016.01.31"]
[Round "?"]
[White "Nemsak, Denis"]
[Black "Packa, Ladislav"]
[Result "0-1"]
[WhiteElo "2099"]
[BlackElo "2171"]
[PlyCount "80"]
[EventDate "2016.??.??"]

1. d4 Nf6 2. c4 g6 3. Nc3 Bg7 4. e4 O-O 5. f4 d6 6. Nf3 c5 7. d5 e5 8. fxe5
dxe5 9. Bg5 h6 10. Bh4 Nbd7 11. Qd2 g5 12. Bf2 Ne8 13. a3 Nd6 14. Bd3 f5 15.
O-O f4 16. b4 b6 17. Na4 Nb7 18. Bc2 Rf6 19. Ne1 Bf8 20. Qc3 Bd6 21. Rb1 Qe7
22. Nd3 Rg6 23. Kh1 g4 24. g3 f3 25. bxc5 Nbxc5 26. Naxc5 bxc5 27. Qa5 h5 28.
Ba4 h4 29. Bc6 Nf6 30. Bxa8 Nxe4 31. Qe1 Bf5 32. Rb2 Nxf2+ 33. Nxf2 hxg3 34.
Ne4 g2+ 35. Kg1 gxf1=Q+ 36. Kxf1 Bxe4 37. Qxe4 Qg5 38. Rc2 g3 39. h4 g2+ 40.
Kg1 f2+ 0-1

[Event "SR 3. liga A2 2015/2016"]
[Site "?"]
[Date "2016.01.31"]
[Round "?"]
[White "Jablonicky, Frantisek"]
[Black "Stepanovic, Branislav"]
[Result "1/2-1/2"]
[WhiteElo "2118"]
[BlackElo "2010"]
[PlyCount "51"]
[EventDate "2016.??.??"]

1. Nf3 c5 2. c4 Nf6 3. d4 cxd4 4. Nxd4 d5 5. cxd5 Nxd5 6. e4 Nb4 7. Bb5+ Bd7 8.
Bc4 N8c6 9. Nxc6 Bxc6 10. Qb3 e6 11. a3 Na6 12. Bxa6 Qa5+ 13. Nc3 Qxa6 14. Be3
Rd8 15. Rd1 Be7 16. Rxd8+ Bxd8 17. f3 O-O 18. Kf2 Bh4+ 19. g3 Bf6 20. Rd1 h6
21. Qb4 Rd8 22. Rxd8+ Bxd8 23. Qd6 Bb6 24. Qd2 Bc7 25. Qd4 Bb6 26. Qd2 1/2-1/2

[Event "SR 3. liga A2 2015/2016"]
[Site "?"]
[Date "2016.01.31"]
[Round "?"]
[White "Manak, Jozef"]
[Black "Slobodnik, Michal"]
[Result "1/2-1/2"]
[WhiteElo "1974"]
[BlackElo "2021"]
[PlyCount "84"]
[EventDate "2016.??.??"]

1. d4 Nf6 2. Bf4 c5 3. e3 Qb6 4. Nc3 d6 5. dxc5 Qxc5 6. Qd4 Qa5 7. Qd2 Nc6 8.
h3 e5 9. Bg5 Be6 10. Bxf6 gxf6 11. Nb5 Qxd2+ 12. Kxd2 O-O-O 13. Rd1 d5 14. Kc1
f5 15. Kb1 Bg7 16. Nf3 Bf6 17. c3 Rhg8 18. g3 h5 19. h4 a6 20. Na3 f4 21. gxf4
Bf5+ 22. Nc2 Be4 23. Be2 d4 24. fxe5 d3 25. Rxd3 Rxd3 26. exf6 Rd6 27. Rf1 Rg4
28. Ng5 Rxh4 29. Nxe4 Rxe4 30. Bxh5 Rxf6 31. f4 Kc7 32. Bf3 Re8 33. Bxc6 bxc6
34. b3 Rh6 35. Rf2 c5 36. c4 f5 37. Rg2 Re7 38. Kb2 Rhh7 39. Kc3 Reg7 40. Rd2
Rd7 41. Rg2 Rhg7 42. Rh2 Rh7 1/2-1/2

[Event "SR 3. liga A2 2015/2016"]
[Site "?"]
[Date "2016.01.31"]
[Round "?"]
[White "Zigo, Rastislav"]
[Black "Mihalik, Anton"]
[Result "1-0"]
[WhiteElo "1999"]
[BlackElo "1939"]
[PlyCount "127"]
[EventDate "2016.??.??"]

1. e4 c5 2. Nc3 Nc6 3. g3 g6 4. Bg2 Bg7 5. Nge2 e6 6. d3 Nge7 7. O-O O-O 8. Bg5
h6 9. Be3 Nd4 10. Rb1 Nec6 11. a3 Qe7 12. Nf4 Kh7 13. Nce2 d6 14. c3 Nxe2+ 15.
Nxe2 Bd7 16. b4 Rab8 17. d4 cxb4 18. cxb4 a6 19. Qd2 Rfc8 20. Rfc1 b5 21. Rc2
Nd8 22. Rbc1 Rxc2 23. Rxc2 Rc8 24. Rxc8 Bxc8 25. Qc1 Bb7 26. d5 Qd7 27. Bh3 Qc8
28. Qxc8 Bxc8 29. Bb6 Nb7 30. Nf4 g5 31. dxe6 fxe6 32. Nxe6 Bxe6 33. Bxe6 Bf6
34. Bc8 Nd8 35. Bxd8 Bxd8 36. Bxa6 Bf6 37. Bxb5 Bb2 38. Bc6 Bxa3 39. b5 Bc5 40.
Kg2 Kg6 41. f4 Kf6 42. h4 Bb6 43. Kf3 gxh4 44. gxh4 Ke7 45. Kg4 Be3 46. Kf5 Kf8
47. e5 dxe5 48. fxe5 Ke7 49. e6 Bf2 50. h5 Bb6 51. Ke5 Bf2 52. Kd5 Bb6 53. Bd7
Kd8 54. Kc6 Be3 55. b6 Bf4 56. Kd5 Be3 57. b7 Bf4 58. Ke4 Bd6 59. Kf5 Ke7 60.
Kg6 Bf4 61. Bc8 Kf8 62. Kf5 Bd6 63. Kf6 Ke8 64. e7 1-0

[Event "SR 3. liga A2 2015/2016"]
[Site "?"]
[Date "2016.01.31"]
[Round "?"]
[White "Curidlo, Jan"]
[Black "Lukacovic, Miroslav"]
[Result "1/2-1/2"]
[WhiteElo "1878"]
[BlackElo "2026"]
[PlyCount "59"]
[EventDate "2016.??.??"]

1. e4 e6 2. d4 d5 3. Nc3 Nf6 4. e5 Nfd7 5. Nf3 c5 6. Be3 Nc6 7. Bb5 cxd4 8.
Bxc6 bxc6 9. Bg5 Qb6 10. Qxd4 Bc5 11. Qd2 Bxf2+ 12. Qxf2 Qxb2 13. O-O Qxc3 14.
Rab1 O-O 15. Be7 Re8 16. Rb3 Qa5 17. Bd6 Ba6 18. Rfb1 Qd8 19. Nd4 Qc8 20. Qh4
c5 21. Rh3 h6 22. Nf3 Nf8 23. Qg3 Ng6 24. Nh4 Kh7 25. Qe3 Nxh4 26. Rxh4 Qd8 27.
Qf2 Qd7 28. Bxc5 Bc4 29. a3 Rab8 30. Rd1 1/2-1/2

[Event "SR 3. liga A2 2015/2016"]
[Site "?"]
[Date "2016.01.31"]
[Round "?"]
[White "Cmarada, Juraj"]
[Black "Slaby, Jozef"]
[Result "1/2-1/2"]
[WhiteElo "1678"]
[BlackElo "1809"]
[PlyCount "119"]
[EventDate "2016.??.??"]

1. e4 c6 2. d4 d5 3. Nc3 dxe4 4. Nxe4 Bf5 5. Ng3 Bg6 6. h4 h6 7. Nf3 Nd7 8. h5
Bh7 9. Bd3 Bxd3 10. Qxd3 e6 11. Bd2 Ngf6 12. Qe2 Bd6 13. Nf5 Bf8 14. O-O-O Qc7
15. Kb1 b5 16. g3 Nd5 17. Ne3 N7f6 18. Nxd5 Nxd5 19. c4 bxc4 20. Qxc4 Bd6 21.
Rc1 Rc8 22. Rhe1 O-O 23. Ne5 c5 24. f4 Qb7 25. g4 Rb8 26. b3 Rfc8 27. g5 Nb6
28. Qd3 Bxe5 29. dxc5 Nd7 30. fxe5 Nxc5 31. Qe3 Qd5 32. Rc3 hxg5 33. Rec1 Rb5
34. Qxg5 Rcb8 35. h6 Qe4+ 36. Ka1 Nxb3+ 37. axb3 Qxe5 38. Qxe5 Rxe5 39. hxg7
Reb5 40. Kb2 Kxg7 41. Ra1 R8b7 42. Rf3 f6 43. Rg1+ Kf7 44. Rh3 e5 45. Rh7+ Ke6
46. Rxb7 Rxb7 47. Ra1 Rh7 48. Be3 Rh2+ 49. Kc3 Rh3 50. Kd2 Rh2+ 51. Kd3 Rh3 52.
Rxa7 f5 53. Ra6+ Kd5 54. Ra5+ Ke6 55. Ke2 f4 56. Bb6 Rxb3 57. Bc7 Rb2+ 58. Ke1
Rb1+ 59. Kd2 Rb2+ 60. Ke1 1/2-1/2

[Event "SR 3. liga A2 2015/2016"]
[Site "?"]
[Date "2016.01.31"]
[Round "?"]
[White "Slaba, Andrea"]
[Black "Cvirik, Vladimir"]
[Result "0-1"]
[WhiteElo "1641"]
[BlackElo "1875"]
[PlyCount "68"]
[EventDate "2016.??.??"]

1. c4 c5 2. Nc3 Nc6 3. g3 e6 4. Bg2 Nge7 5. Nf3 g6 6. O-O Bg7 7. e3 d5 8. cxd5
exd5 9. Qe2 O-O 10. Rd1 a6 11. d4 c4 12. a4 Bf5 13. e4 Bg4 14. Be3 dxe4 15.
Nxe4 b5 16. axb5 axb5 17. Rxa8 Qxa8 18. h3 Bf5 19. Nh4 Qd8 20. Nxf5 Nxf5 21. d5
Nxe3 22. fxe3 Nb4 23. Nc3 Qd7 24. e4 Nd3 25. Qc2 Bd4+ 26. Kh2 Be5 27. Bf1 Nc5
28. Re1 h5 29. Kg2 Rb8 30. Qf2 Nb3 31. Qc2 Nd4 32. Qf2 Rb6 33. Ne2 Rf6 34. Qe3
Nc2 0-1

[Event "SR 3. liga A2 2015/2016"]
[Site "?"]
[Date "2016.01.31"]
[Round "7.3"]
[White "Gasa, Andrej"]
[Black "Blatnicky, Miroslav"]
[Result "1/2-1/2"]
[WhiteElo "2298"]
[BlackElo "2102"]
[PlyCount "111"]
[EventDate "2016.??.??"]

1. e4 c6 2. d4 d5 3. Nc3 dxe4 4. Nxe4 Bf5 5. Ng3 Bg6 6. Nh3 Nd7 7. Be2 e5 8. c3
exd4 9. Qxd4 Ngf6 10. O-O Bc5 11. Qc4 O-O 12. Nf4 Re8 13. Nxg6 hxg6 14. Bg5 Qb6
15. b4 Bd6 16. Bd1 Nd5 17. Qb3 Be5 18. Rc1 Bf4 19. Bxf4 Nxf4 20. Bf3 Ne5 21.
Be4 Ned3 22. Rcd1 Rxe4 23. Rxd3 Nxd3 24. Nxe4 Re8 25. Nd6 Re6 26. Nc4 Qb5 27.
g3 Qd5 28. Nd2 Qf5 29. Qd1 Re1 30. Qf3 Rxf1+ 31. Kxf1 Qh3+ 32. Qg2 Qh6 33. f4
Qh5 34. Qe2 Qd5 35. Qe8+ Kh7 36. Qe4 Nxb4 37. Qxd5 Nxd5 38. c4 Nb4 39. a3 Nc2
40. a4 Nd4 41. Kf2 f5 42. Ke3 c5 43. Nb1 Nc2+ 44. Kd2 Nb4 45. Nc3 a6 46. Nd5
Nc6 47. Nb6 Nd4 48. Nd7 Ne6 49. Ke3 Kh6 50. h4 Kh5 51. Kf2 a5 52. Kg2 Kh6 53.
Kf2 Kh7 54. Ke3 Kg8 55. Ne5 Kh7 56. Nd7 1/2-1/2

[Event "SR 3. liga A2 2015/2016"]
[Site "?"]
[Date "2016.01.31"]
[Round "7.3"]
[White "Miciak, Emanuel"]
[Black "Cajka, Tibor"]
[Result "1-0"]
[WhiteElo "1840"]
[BlackElo "2121"]
[PlyCount "61"]
[EventDate "2016.??.??"]

1. d4 Nf6 2. c4 c5 3. d5 b5 4. cxb5 a6 5. b6 g6 6. Nc3 Bg7 7. e4 d6 8. Bd3 O-O
9. Nf3 Qxb6 10. O-O Nbd7 11. h3 Qc7 12. Qe2 Nb6 13. Be3 Bb7 14. Nd2 e6 15. dxe6
fxe6 16. e5 Qc6 17. f3 Nfd5 18. Nxd5 exd5 19. exd6 Bxb2 20. Rae1 c4 21. Nxc4
dxc4 22. Be4 Qb5 23. Bxb7 Rad8 24. Bh6 Bd4+ 25. Kh1 Rfe8 26. Qd2 Rxe1 27. Rxe1
Be5 28. Qe3 Nd7 29. Qe4 c3 30. Bc6 Nc5 31. Bd5+ 1-0

[Event "SR 3. liga A2 2015/2016"]
[Site "?"]
[Date "2016.01.31"]
[Round "7.3"]
[White "Gasa, Patrik"]
[Black "Podjavorinsky, Michal"]
[Result "1/2-1/2"]
[WhiteElo "2097"]
[BlackElo "1859"]
[PlyCount "106"]
[EventDate "2016.??.??"]

1. d4 Nf6 2. Nf3 g6 3. c4 Bg7 4. Nc3 O-O 5. e4 d6 6. Bg5 c6 7. Be2 Qe8 8. Qd2
a6 9. Bh6 e5 10. d5 c5 11. h4 Bg4 12. O-O-O Nbd7 13. Rdg1 Nh5 14. Bxg7 Kxg7 15.
Ng5 Bxe2 16. Nxe2 h6 17. g4 Nf4 18. Nf3 Nxe2+ 19. Qxe2 b5 20. Nd2 Nb6 21. Rh3
bxc4 22. Nxc4 Qb5 23. Rc3 Nxc4 24. Qxc4 Rfb8 25. b3 a5 26. Qxb5 Rxb5 27. Rc4
Rb4 28. Kc2 Rab8 29. Rxb4 axb4 30. f3 Ra8 31. Kb2 g5 32. hxg5 hxg5 33. Rh1 Kg6
34. Rh2 f6 35. Rh1 Kg7 36. Rh2 Ra3 37. Kc1 Ra8 38. Rc2 Ra5 39. Kd2 Kf7 40. Kd3
Kg7 41. Rh2 Kg8 42. Kc4 Kg7 43. Kd3 Kg8 44. Rc2 Kf7 45. Kd2 Ra3 46. Kc1 Kg7 47.
Kb2 Kf7 48. Rh2 Kg7 49. Rh1 Kg8 50. Ra1 Kf7 51. Kc2 Kf8 52. Kd3 Kg7 53. Kc4 Ra5
1/2-1/2

[Event "SR 3. liga A2 2015/2016"]
[Site "?"]
[Date "2016.01.31"]
[Round "7.3"]
[White "Bjel, Jan"]
[Black "Sebesta, Radovan"]
[Result "0-1"]
[WhiteElo "1826"]
[BlackElo "2000"]
[PlyCount "50"]
[EventDate "2016.??.??"]

1. e4 c5 2. Nf3 Nc6 3. d4 cxd4 4. Nxd4 g6 5. Nc3 Bg7 6. Be3 Nf6 7. f3 O-O 8.
Qd2 d5 9. exd5 Nxd5 10. Nxd5 Qxd5 11. Nxc6 Qxc6 12. c3 Be6 13. Be2 Rfd8 14. Qc2
Bf5 15. Qb3 Bd3 16. Rd1 Bxe2 17. Kxe2 h5 18. h3 b6 19. Rxd8+ Rxd8 20. Rd1 Rxd1
21. Kxd1 Qd6+ 22. Ke2 Qe5 23. Qa4 Bh6 24. Qe8+ Kg7 25. f4 Bxf4 0-1

[Event "SR 3. liga A2 2015/2016"]
[Site "?"]
[Date "2016.01.31"]
[Round "7.3"]
[White "Lanik, Miroslav"]
[Black "Smrek, Peter"]
[Result "1/2-1/2"]
[WhiteElo "1893"]
[BlackElo "1818"]
[PlyCount "48"]
[EventDate "2016.??.??"]

1. e4 d5 2. exd5 Qxd5 3. Nc3 Qa5 4. d4 c6 5. Nf3 Bg4 6. h3 Bh5 7. Be3 Nf6 8.
Bd3 Nbd7 9. Qe2 e6 10. Bd2 Qc7 11. O-O-O Bd6 12. Kb1 O-O-O 13. Ne4 Nxe4 14.
Bxe4 Nf6 15. Bd3 Rhe8 16. Rhe1 e5 17. dxe5 Rxe5 18. Qf1 Bxf3 19. gxf3 Rde8 20.
Bc3 Rxe1 21. Rxe1 Rxe1+ 22. Qxe1 Qe7 23. Qxe7 Bxe7 24. Bxf6 Bxf6 1/2-1/2

[Event "SR 3. liga A2 2015/2016"]
[Site "?"]
[Date "2016.01.31"]
[Round "7.3"]
[White "Lajda, Dusan"]
[Black "Palka, Martin"]
[Result "1/2-1/2"]
[WhiteElo "1841"]
[BlackElo "1898"]
[PlyCount "36"]
[EventDate "2016.??.??"]

1. e4 c5 2. Nf3 Nc6 3. d4 cxd4 4. Nxd4 e6 5. g3 Qc7 6. c3 a6 7. Bg2 d6 8. O-O
Bd7 9. Nd2 Nf6 10. N2b3 Be7 11. Be3 O-O 12. Re1 Ne5 13. Qe2 Nc4 14. h3 Nxe3 15.
Qxe3 Rad8 16. Rad1 Bc8 17. Nc1 Rfe8 18. Nd3 Bf8 1/2-1/2

[Event "SR 3. liga A2 2015/2016"]
[Site "?"]
[Date "2016.01.31"]
[Round "7.3"]
[White "Skapikova, Lubica"]
[Black "Krchnak, Rudolf"]
[Result "1/2-1/2"]
[WhiteElo "1874"]
[BlackElo "1745"]
[PlyCount "80"]
[EventDate "2016.??.??"]

1. e4 c5 2. Nf3 d6 3. d4 cxd4 4. Nxd4 Nf6 5. Nc3 a6 6. Be2 e5 7. Nb3 Be6 8. O-O
Be7 9. Be3 O-O 10. f4 exf4 11. Bxf4 Nc6 12. Qe1 Ne5 13. Qg3 Qc7 14. Rad1 b5 15.
Bh6 Ng6 16. Be3 Bc4 17. Bxc4 Qxc4 18. Nd2 Qe6 19. a3 Ne5 20. Bg5 Qg4 21. Qxg4
Nexg4 22. h3 Ne5 23. Bxf6 Bxf6 24. Nd5 Bd8 25. b3 Rc8 26. c4 bxc4 27. Rc1 Re8
28. bxc4 Bg5 29. Rfd1 Bxd2 30. Rxd2 Rxc4 31. Rxc4 Nxc4 32. Rd4 Nxa3 33. Ra4 Nb5
34. Rxa6 h6 35. Rb6 Nd4 36. Rxd6 Ne2+ 37. Kf2 Rxe4 38. Rd8+ Kh7 39. Rd7 Kg6 40.
Kf3 Re6 1/2-1/2

[Event "SR 3. liga A2 2015/2016"]
[Site "?"]
[Date "2016.01.31"]
[Round "7.3"]
[White "Podjavorinsky, Peter"]
[Black "Palka, Miroslav"]
[Result "1/2-1/2"]
[WhiteElo "1677"]
[BlackElo "1899"]
[PlyCount "68"]
[EventDate "2016.??.??"]

1. e4 c5 2. Nf3 d6 3. Bc4 Nf6 4. Nc3 g6 5. O-O Bg7 6. e5 dxe5 7. Nxe5 O-O 8. d3
a6 9. a4 Qc7 10. Bf4 Qd8 11. Bg5 Nbd7 12. Nxd7 Bxd7 13. h3 Bc6 14. Qd2 Qd7 15.
Rfe1 Rfe8 16. a5 e6 17. Bxf6 Bxf6 18. Ne4 Bg7 19. Nxc5 Qd4 20. Na4 Rad8 21. Qe3
Qh4 22. c3 Bh6 23. Qg3 Qf6 24. Nc5 Bf4 25. Qg4 h5 26. Qe2 Bxg2 27. Ne4 Bxe4 28.
Qxe4 Qg5+ 29. Qg2 Qf5 30. Re4 Re7 31. Rae1 Red7 32. Rxe6 Kf8 33. R6e4 g5 34. d4
Qf6 1/2-1/2

[Event "SR 3. liga A2 2015/2016"]
[Site "?"]
[Date "2016.01.31"]
[Round "7.4"]
[White "Sturdik, Igor"]
[Black "Kovacocy, Pavel"]
[Result "0-1"]
[WhiteElo "1988"]
[BlackElo "2189"]
[PlyCount "120"]
[EventDate "2016.??.??"]

1. e4 c5 2. Nf3 g6 3. d4 Bg7 4. Nc3 Qa5 5. Be3 Nf6 6. Nd2 cxd4 7. Bxd4 Nc6 8.
Nb3 Qd8 9. Be3 d6 10. f3 Be6 11. Qd2 O-O 12. Bh6 Na5 13. h4 Nc4 14. Bxc4 Bxc4
15. h5 Qc7 16. O-O-O Rac8 17. Nd4 Qa5 18. Nf5 Bxh6 19. Nxh6+ Kh8 20. hxg6 fxg6
21. a3 b5 22. Nd5 Qxd2+ 23. Rxd2 Bxd5 24. exd5 Rc5 25. Rhd1 Kg7 26. Rh1 Nxd5
27. Ng4 h5 28. Nf2 Nf6 29. Re1 Kf7 30. Nd3 Rc6 31. c3 e6 32. Red1 Ke7 33. Nf4
Rg8 34. Re2 e5 35. Nd5+ Ke6 36. Nxf6 Kxf6 37. Rd5 a6 38. Red2 Ke6 39. Kd1 Rd8
40. Ke2 Rd7 41. Ke3 Rc5 42. R5d3 d5 43. Ke2 Rc4 44. Ke3 e4 45. Rd4 exf3 46.
Kxf3 Rxd4 47. Rxd4 Ke5 48. Ke3 g5 49. a4 Rb7 50. axb5 Rxb5 51. Rd2 Rb6 52. b4
Rc6 53. Kd3 Kf4 54. Rf2+ Kg4 55. Rf8 Kg3 56. Rf5 Rg6 57. Rxd5 Kxg2 58. c4 h4
59. c5 h3 60. Rd6 Rxd6+ 0-1

[Event "SR 3. liga A2 2015/2016"]
[Site "?"]
[Date "2016.01.31"]
[Round "7.4"]
[White "Cechovic, Stefan"]
[Black "Puskar, Peter"]
[Result "0-1"]
[WhiteElo "2151"]
[BlackElo "2218"]
[PlyCount "118"]
[EventDate "2016.??.??"]

1. c4 Nf6 2. d4 e6 3. Nc3 d5 4. e3 b6 5. Nf3 Bb7 6. Bd3 Nbd7 7. O-O Be7 8. b3
O-O 9. Bb2 Rc8 10. Rc1 c5 11. cxd5 exd5 12. Bb1 Re8 13. Qe2 Bd6 14. Rfd1 Bb8
15. Bf5 g6 16. Bh3 a6 17. Bxd7 Nxd7 18. dxc5 Ne5 19. Na4 d4 20. Rxd4 Nxf3+ 21.
gxf3 Qg5+ 22. Rg4 Qh5 23. e4 Qxh2+ 24. Kf1 Qh3+ 25. Rg2 Bc6 26. Nxb6 Bb5 27.
Nc4 Rxc5 28. Qe3 Rf5 29. f4 Qh1+ 30. Rg1 Qxe4 31. Qxe4 Rxe4 32. Rd1 Bxf4 33.
Rd8+ Re8 34. Rxe8+ Bxe8 35. Ke2 f6 36. Rd1 Bc7 37. Nd6 Bb5+ 38. Nxb5 axb5 39.
Rd7 Be5 40. Ba3 h5 41. Rb7 h4 42. Rd7 h3 43. Rd1 g5 44. f3 Bf4 45. Bb2 Kf7 46.
Bc1 Bg3 47. Rh1 Re5+ 48. Kd3 h2 49. Bd2 f5 50. Bc3 Re6 51. a4 bxa4 52. bxa4 g4
53. a5 Bc7 54. fxg4 fxg4 55. Be1 g3 56. Bxg3 Bxg3 57. a6 Rxa6 58. Ke2 Rf6 59.
Ke3 Kg6 0-1

[Event "SR 3. liga A2 2015/2016"]
[Site "?"]
[Date "2016.01.31"]
[Round "7.4"]
[White "Kolenak, Matus"]
[Black "Sarmir, Milos"]
[Result "0-1"]
[WhiteElo "1999"]
[BlackElo "2006"]
[PlyCount "78"]
[EventDate "2016.??.??"]

1. e4 e5 2. Nf3 Nc6 3. Bb5 a6 4. Ba4 Nf6 5. O-O Be7 6. Re1 b5 7. Bb3 d6 8. c3
O-O 9. d4 Bg4 10. d5 Na5 11. Bc2 c5 12. h3 Bd7 13. Nbd2 Qc7 14. Nf1 b4 15. Ng3
Nb7 16. c4 a5 17. Be3 a4 18. Bd3 Qb6 19. Nh2 Ne8 20. Nf5 Qd8 21. g4 Bg5 22. Qf3
g6 23. Ng3 Ng7 24. Nhf1 Bxe3 25. Nxe3 Qh4 26. Kg2 Kh8 27. Rh1 Rae8 28. Rag1 Nd8
29. Kf1 f6 30. Ng2 Qg5 31. Qe3 Nf7 32. Rh2 f5 33. gxf5 gxf5 34. Qe1 f4 35. Nh1
Qh5 36. h4 Nh6 37. Bc2 Ng4 38. Rh3 f3 39. Rg3 Nh2# 0-1

[Event "SR 3. liga A2 2015/2016"]
[Site "?"]
[Date "2016.01.31"]
[Round "7.4"]
[White "Vagovsky, Jozef"]
[Black "Bukovsky, Milan"]
[Result "1/2-1/2"]
[WhiteElo "1869"]
[BlackElo "1985"]
[PlyCount "33"]
[EventDate "2016.??.??"]

1. d4 Nf6 2. Nf3 e6 3. Bg5 Be7 4. c4 O-O 5. Nc3 b6 6. e3 Bb7 7. Bd3 d5 8. O-O
dxc4 9. Bxc4 Ne4 10. Nxe4 Bxe4 11. Bf4 Nd7 12. Qe2 Bd6 13. Bg3 Qe7 14. Bb5 c6
15. Nd2 Bxg3 16. hxg3 Bd5 17. Bc4 1/2-1/2

[Event "SR 3. liga A2 2015/2016"]
[Site "?"]
[Date "2016.01.31"]
[Round "7.4"]
[White "Doucha, Ludvik"]
[Black "Hornak, Pavol"]
[Result "1/2-1/2"]
[WhiteElo "1955"]
[BlackElo "1799"]
[PlyCount "133"]
[EventDate "2016.??.??"]

1. d4 Nf6 2. Nf3 d5 3. e3 Bg4 4. Bd3 Nbd7 5. h3 Bh5 6. g4 Bg6 7. Nbd2 Bxd3 8.
cxd3 e6 9. b3 Be7 10. Bb2 O-O 11. e4 dxe4 12. dxe4 c5 13. Qe2 Rc8 14. O-O cxd4
15. Nxd4 e5 16. N4f3 Rc2 17. Rab1 Qa5 18. a4 Bb4 19. Rfd1 Nc5 20. Qe3 Rc8 21.
Bxe5 Bxd2 22. Rxd2 Rxd2 23. Nxd2 Ncxe4 24. Nc4 Qc5 25. Bd4 Qc6 26. g5 Nd7 27.
Bxa7 Qg6 28. Rd1 Ndc5 29. h4 h6 30. f3 hxg5 31. fxe4 gxh4+ 32. Kh2 Nxe4 33. Rg1
Qc6 34. Bd4 f6 35. Qf3 Qc7+ 36. Kh1 Ng5 37. Qd5+ Kh7 38. Qf5+ Kg8 39. Bxf6 Qc6+
40. Rg2 gxf6 41. Ne5 fxe5 42. Qxg5+ Kf7 43. Qf5+ Ke7 44. Qxe5+ Kd7 45. Qg7+ Kd8
46. Qd4+ Kc7 47. Qxh4 Kb8 48. Qg3+ Ka8 49. Qe3 Qc1+ 50. Qxc1 Rxc1+ 51. Kh2 Rc3
52. Rb2 Ka7 53. Kg2 Kb6 54. b4 Ra3 55. a5+ Kb5 56. Kf2 Ra4 57. Ke2 Rxb4 58. Ra2
Ka6 59. Kd3 Rb5 60. Kc4 Rxa5 61. Rh2 Rg5 62. Ra2+ Kb6 63. Rb2+ Kc6 64. Kd4 b5
65. Rc2+ Kd6 66. Rc8 Rg4+ 67. Kc3 1/2-1/2

[Event "SR 3. liga A2 2015/2016"]
[Site "?"]
[Date "2016.01.31"]
[Round "7.4"]
[White "Vlkovic, Pavol"]
[Black "Mosny, Jaroslav"]
[Result "1-0"]
[WhiteElo "1786"]
[BlackElo "1958"]
[PlyCount "59"]
[EventDate "2016.??.??"]

1. e4 e5 2. Nf3 d6 3. h3 Nf6 4. d3 Be7 5. g3 O-O 6. Bg2 c5 7. Qe2 Nc6 8. c3 Qc7
9. O-O Bd7 10. Re1 Ne8 11. Na3 g6 12. Nc4 Ng7 13. Ne3 Rae8 14. Nd5 Qd8 15. Bh6
Be6 16. Qd2 f5 17. Ng5 Bxd5 18. exd5 Bxg5 19. Bxg5 Ne7 20. f4 Qc7 21. fxe5 dxe5
22. d4 cxd4 23. cxd4 e4 24. Bf4 Qd7 25. d6 Nd5 26. Be5 Ne6 27. Bf1 b5 28. Qa5
Rb8 29. a4 b4 30. Qxd5 1-0